Érsekujvár és vidéke vegyes tartalmu hetilap
| Previous Title: | Érsekujvár és környéke |
|---|---|
| Other Authors: | , , |
| Format: | Newspaper |
| Language: | Hungarian |
| PhysicalDescription: | 55 zv. 40-48 cm |
| Published: |
Nové Zámky
[s.n.]
1885-1944
Nové Zámky Ferenc Vadász Nové Zámky Kálmán Szabó |
| Subjects: |
MARC
| LEADER | 00000cas a2200000 a 4500 | ||
|---|---|---|---|
| 001 | vtls010300058 | ||
| 003 | SK-MaSNL | ||
| 005 | 20260228162446.0 | ||
| 008 | 110810d18851944xo wr|ne 0 b0hun | ||
| 040 | |a SNK |b slo |c SNK |e AACR2 | ||
| 041 | 0 | |a hun | |
| 044 | |a xo |c SK | ||
| 072 | 7 | |a 316.7 |x Sociológia kultúry. Kultúrny život |2 konspekt | |
| 072 | 7 | |a 32 |x Politika |2 konspekt | |
| 080 | |a 32 |2 2011 | ||
| 080 | |a 316.728 |2 2011 | ||
| 080 | |a 050 |2 2001 | ||
| 080 | |a (051)+(054)(437.6) |2 2011 | ||
| 245 | 0 | 0 | |a Érsekujvár és vidéke |b vegyes tartalmu hetilap |
| 260 | |a Nové Zámky |b [s.n.] |c 1885-1944 | ||
| 260 | 2 | |3 1920-1938 |a Nové Zámky |b Ferenc Vadász | |
| 260 | 3 | |3 1939-1944 |a Nové Zámky |b Kálmán Szabó | |
| 300 | |a 55 zv. |c 40-48 cm | ||
| 310 | |a 1x týždenne | ||
| 362 | 0 | |a Roč. I, č. 1 (15.3.1885)-roč. LXIII (1944) | |
| 500 | |a Podnázvy sa menia | ||
| 500 | |a Od 1/1939 rozmer zv. 48 cm ; od 1/1920 42 cm ; od 1/1939 40 cm | ||
| 500 | |a Zodp. red.: István Illényi ; od 14/1910 Ferencz Vadász ; od 1/1940 Endre Kovács | ||
| 500 | |a Tlač.: Zsigmond Winter v Nových Zámkoch, od 7/1902 I. Géza Pálinkás v Nových Zámkoch ; od 32/1902 Zsigmond Winter v Nových Zámkoch ; od 1/1920 Zsigmond Winter Fia könyvnyomdája ; od 1/1933 Ferenc Vadász könyvnyomdájában | ||
| 500 | |a Hlav. red.: od 22/1931 Dezső Sándor | ||
| 500 | |a Bol pokračovaním týždenníka Érsekujvár és környéke | ||
| 525 | |a Od 8/1933 do 52/1937 mal nesamostatnú prílohu Párkány és Vidéke a od 40/1933 do 3/1935 nesamostatnú prílohu Sellye és Vidéke | ||
| 650 | 0 | 7 | |a politika |2 SNKPH |9 968 |
| 650 | 0 | 7 | |a spoločenský život |2 SNKPH |9 28654 |
| 655 | 7 | |a regionálne periodiká |2 SNKPH |9 131775 | |
| 700 | 1 | |a Illényi, István |4 Iso |9 271126 | |
| 700 | 1 | |a Kovács, Endre, |d 1911-1985 |4 Iso |9 198577 | |
| 700 | 1 | |a Sándor, Dezső |4 pbd |9 271127 | |
| 780 | 0 | 0 | |t Érsekujvár és környéke |
| 910 | |a snk | ||
| 999 | |c 7909 |d 9839 | ||
| 952 | |0 0 |1 0 |4 0 |7 0 |a SNK |b SNK |d 1998-09-04 |l 0 |o snkČSA 824/7/1888 |p 17A0157651 |r 2005-01-02 00:00:00 |w 2026-02-21 |y PREZ | ||


